000 00598nam a2200205 4500
001 143413
003 ES-MaACL
007 t|
008 070214s1985 sp r ||||1| spa d
100 1 _aSerrano Salom, Ramón.
_9105798
245 1 0 _aIntroducción a las aplicaciones de las enzimas /
_cRamón Serrano Salom.
250 _a[1ª ed.].
260 _aMadrid :
_bAlhambra,
_c1985.
300 _aVII, 127 p. ;
_c19 cm.
490 1 _aZairos ;
_v34
830 0 _aZairos ;
_v34
_9181794
852 _aES-MaACL
_jL-9562
_bR.110917
852 _aES-MaACL
_jL-9563
_bR.111738
999 _c143413
_d143413